00754nam a22001697a 4500003000400000005001700004008004100021040000700062100005400069245010700123260004400230300001800274500004600292505020900338650002200547650001500569OSt20190104072340.0180312b xxu||||| |||| 00| 0 spa d cPJ aGargaglione de Yaryura Tobías, Elvira Lucía 13aEl cambio social :buna contribución a su estudio /cElvira Lucía Gargaglione de Yaryura Tobías. aBuenos Aires :bAbeledo-Perrot, c1980. a78 p.c23 cm. aBibliografía y notas a pie de página. aContenido: I. Los enfoques tradicionales -- II. La sociología como ciencia -- III. Construcción de un modelo científico para el estudio del cambio social -- IV. Algunas observaciones generalizadas.  0aCIENCIAS SOCIALES 0aSOCIOLOGIA